| 000 | 00520pab a2200169 454500 | ||
|---|---|---|---|
| 008 | 180718b2014 xxu||||| |||| 00| 0 eng d | ||
| 100 | _aSuh, Doowoh | ||
| 245 | _aWhat happens to social movements after policy success? Framing the unintended consequences and changing dynamics of the Korean women's movement | ||
| 260 | _c2014 | ||
| 300 | _ap.3-34. | ||
| 362 | _aMar | ||
| 650 | _aSocial movements - Korea | ||
| 650 | _aSocial movements | ||
| 773 | _aSocial Science Information | ||
| 908 | _aN | ||
| 909 | _a103870 | ||
| 999 |
_c103866 _d103866 |
||